Historial de la Facultad de Filosofía y Letras de la Universidad de Madrid : (Record n. 29218)

Dettagli MARC
000 -LEADER
fixed length control field 00854nam a2200217 i 4500
003 - CONTROL NUMBER IDENTIFIER
control field IT-RoINE
005 - DATE AND TIME OF LATEST TRANSACTION
control field 20190220085338.0
008 - FIXED-LENGTH DATA ELEMENTS--GENERAL INFORMATION
fixed length control field 960722s1956 sp rb |cspa d
040 ## - CATALOGING SOURCE
Original cataloging agency SpMaBN
Language of cataloging spa
Transcribing agency CDM IT-RoINE
Modifying agency IT-RoINE
100 1# - MAIN ENTRY--PERSONAL NAME
Personal name Parra Garrigues, Pilar
9 (RLIN) 57376
245 10 - TITLE STATEMENT
Title Historial de la Facultad de Filosofía y Letras de la Universidad de Madrid :
Remainder of title (ensayo bio-bibliográfico) /
Statement of responsibility, etc Pilar Parra Garrigues.
260 ## - PUBLICATION, DISTRIBUTION, ETC. (IMPRINT)
Place of publication, distribution, etc Madrid :
Name of publisher, distributor, etc [s.n.],
Date of publication, distribution, etc 1956.
300 ## - PHYSICAL DESCRIPTION
Extent 466 p. ;
Dimensions 20 cm.
336 ## - CONTENT TYPE
Source rdacontent
Content type term text
337 ## - MEDIA TYPE
Source rdamedia
Media type term unmediated
338 ## - CARRIER TYPE
Source rdacarrier
Carrier type term volume
610 24 - SUBJECT ADDED ENTRY--CORPORATE NAME
Corporate name or jurisdiction name as entry element Universidad Complutense de Madrid (España)
General subdivision Historia
9 (RLIN) 57377
650 #4 - SUBJECT ADDED ENTRY--TOPICAL TERM
Topical term or geographic name as entry element Profesores (Enseñanza superior)
Geographic subdivision España
Chronological subdivision Siglos 19o.-20o.
9 (RLIN) 57378
710 2# - ADDED ENTRY--CORPORATE NAME
Corporate name or jurisdiction name as entry element Universidad de Madrid (España).
Subordinate unit Facultad de Filosofía y Letras
9 (RLIN) 57379
942 ## - ADDED ENTRY ELEMENTS (KOHA)
Item type Monografías
Dati di copia
Withdrawn status Lost status Damaged status Not for loan Home library Current library Date acquired Total Checkouts Full call number Barcode Date last seen Price effective from Koha item type
        Iglesia Nacional Española en Roma Iglesia Nacional Española en Roma 20/02/2019   BIO 2659 55094 20/02/2019 20/02/2019 Monografías